Agricultural growth, rural poverty and environmental degradation in India (Record no. 40809)

MARC details
000 -LEADER
fixed length control field 00371nam a2200121Ia 4500
082 ## - DEWEY DECIMAL CLASSIFICATION NUMBER
Classification number 338.43.01
Item number HAN
100 ## - MAIN ENTRY--AUTHOR NAME
Personal name Hanumantha Rao, C H
245 #0 - TITLE STATEMENT
Title Agricultural growth, rural poverty and environmental degradation in India
260 ## - PUBLICATION, DISTRIBUTION, ETC. (IMPRINT)
Place of publication Bombay
Name of publisher Oxford University Press
Year of publication 1994
650 ## - SUBJECT ADDED ENTRY--TOPICAL TERM
Topical Term Economic reforms
942 ## - ADDED ENTRY ELEMENTS (KOHA)
Koha item type Books
Holdings
Withdrawn status Lost status Damaged status Not for loan Home library Current library Date acquired Cost, normal purchase price Full call number Accession Number Koha item type
        RRII Library RRII Library 16/12/2021 340.00 338.43.01 HAN 21104 Books